In the fullness of time
| Main Author: | |
|---|---|
| Format: | Book |
| Published: |
Philippines :
New Day Publishers ,
1991
|
| Subjects: |
MARC
| LEADER | 00000cam a2200000 7i4500 | ||
|---|---|---|---|
| 001 | 0000008830 | ||
| 002 | 000009628 | ||
| 005 | 20000330.0 | ||
| 020 | |a 9711004682 | ||
| 090 | 0 | 0 | |a 821 |b SAR |
| 100 | 1 | |a Sarreal, Nadine R | |
| 245 | 1 | 0 | |a In the fullness of time |c Nadine R. Sarreal |
| 260 | |a Philippines : |b New Day Publishers , |c 1991 | ||
| 300 | |a 85p. ; |c 23cm. | ||
| 650 | 0 | 0 | |a Poems |
| 999 | |a 026674 |b BUKU |c PINJAMAN |e PERPUSTAKAAN KOMUNITI PETALING JAYA | ||